"Indo-China" Term Countries - Statistics

General Stats
  • This quiz has been taken 24 times
  • The average score is 18 of 20
Answer Stats
Hint Answer % Correct
Russo-China Mongolia
100%
Greco-Romania Bulgaria
95%
Swedo-Germany Denmark
95%
Franco-Poland Germany
95%
Litho-Estonia Latvia
95%
Russo-Moldova Ukraine
95%
Mexo-Canada United States
95%
Indo-Myanmar Bangladesh
91%
Russo-Uzbekistan Kazakhstan
91%
Finno-Korea Russia
91%
Austro-Croatia Slovenia
91%
Finno-Norway Sweden
91%
Somalo-Sudan Ethiopia
86%
Indo-Afghanistan Pakistan
86%
Congo-Namibia Angola
82%
Mexo-Guatemala Belize
82%
Tuniso-Egypt Libya
82%
Greco-Serbia Macedonia
82%
Congo-Chad Central African Republic
77%
Zambo-Tanzania Malawi
64%
No matching quizzes found
Score Distribution
Percent of People with Each Score
Percentile by Number Answered
Your Score History
You have not taken this quiz